000
00325 a2200109 4500
001
ART_18555
005
20260410161703.0
008
260409a
245
1
0
_a
Quitas concursales en el impuesto a las ganancias
100
1
_a
Colaneri, Horacio A.
773
0
_t
Revista Impuestos
_g
- NÂș 3 (mar. 2011)
_w
REV639
999
_c
15335
_d
15335